| 000 | 00739nam a2200193 a 4500 | ||
|---|---|---|---|
| 008 | 120416s1991 ||||||||||||||||| || u | ||
| 020 | _a0821319698 | ||
| 050 | _aIBRD(06)S/1991/3 | ||
| 100 | _aCaprio, Jr, Gerard | ||
| 245 | 1 | 0 |
_aMonetary Policy Instruments for Developing Countries _cedited by Gerard Caprio, Jr. and Patrick Honohan |
| 260 |
_aWahington, D.C. _bWorld Bank _c1991 |
||
| 300 | _aix, 137p : ill. | ||
| 350 | _a0.00 | ||
| 490 | _aWorld Bank Symposium | ||
| 650 | _aMONETARY POLICY--DEVELOPING COUNTRIES--CONGRESSES | ||
| 700 | _aHonohan, Patrick | ||
| 710 | _aWorld Bank | ||
| 995 |
_D0.00 _FCBU-MAIN LIBRARY (Kitwe) _H1 _I0.00 _M1 _UAVAILABLE _ZInternational Publications |
||
| 999 |
_c51580 _d51580 |
||